Nadrozměrné přepravy v nesnázích

Súčasná preprava nadrozmerných nákladov kladie vyššie nároky ako na dopravcov, tak na prípravu zásielok zo strany klientov. Každý nadrozmerný produkt je svojim spôsobom jedinečný. Výber trasy závisí od nákladu, jeho rozmeroch a hmotnosti. Preprava nadrozmených výrobkov po vode je často sprevádzaná k...

Descrizione completa

Salvato in:
Dettagli Bibliografici
Autore principale: Kotora, Bohumír
Natura: Capitolo di libro
Lingua:ceco
Soggetti:
Tags: Aggiungi Tag
Nessun Tag, puoi essere il primo ad aggiungerne!!

MARC

LEADER 00000naa a2200000 4500
001 0233929
005 20170626110025.0
041 0 |a cze 
044 |a CZ 
245 1 0 |a Nadrozměrné přepravy v nesnázích  |c Bohumír Kotora 
520 |a Súčasná preprava nadrozmerných nákladov kladie vyššie nároky ako na dopravcov, tak na prípravu zásielok zo strany klientov. Každý nadrozmerný produkt je svojim spôsobom jedinečný. Výber trasy závisí od nákladu, jeho rozmeroch a hmotnosti. Preprava nadrozmených výrobkov po vode je často sprevádzaná komplikáciami. Najväčším problémom je vodný stav a nízka kvalita domácich diaľnic. Zmeniť skutočnosť by mala iniciatíva na vytvorenie hlavných trás a predpisov ustanovujúcich priestorové parametre komunikácií a mostných objektov. 
610 2 0 |a doprava vodná nákladná 
610 2 0 |a doprava cestná nákladná 
610 2 0 |a doprava železničná nákladná 
610 2 0 |a diaľnice 
610 2 0 |a rieky 
610 2 0 |a firmy 
610 2 0 |a Česko 
100 1 |a Kotora, Bohumír